00659 a2200181 4500010001400000020002600014035001300040037001500053082001300068100001600081245009500097250001200192260004200204270016600246300002900412500001900441700001700460 aENG-86368 a9788175345799c250.00 aEN-69901 bDBAD / PUB14a344.54011 aKumar, H.L.1 aLaw relating to disciplinary proceedings in industries /cby H.L. Kumar [and] Gaurav Kumar a5th ed. aDelhibUniversal Law Publishingc2007 aC-FF-1A, Dilkhush Industrial Estate, (Opp. Hans Cinema, Azadpur), G.T. Karnal Road,bDelhicNew Delhie110 033k011-27438103l011-27458529msales@unilawbooks.com axlix, 296p.c22cm (Pbk.) aIncludes index aGaurav Kumar